| 000 | 00889nam a2200253 i 4500 | ||
|---|---|---|---|
| 001 | 180108 | ||
| 003 | ES-MaACL | ||
| 005 | 20230928163535.0 | ||
| 008 | 120417s2010 sp abo |||| | spa d | ||
| 020 | _a978-84-614-5505-8 | ||
| 080 | _a581.9(460.27) | ||
| 100 | 1 |
_aGrijalbo Cervantes, Javier. _9138580 |
|
| 245 | 1 | 0 |
_aVegetación y flora de Madrid / _cJavier Grijalbo Cervantes. |
| 260 |
_a[Madrid] : _bJ. Grijalbo, _c[2010] ( _e[Medina del Campo, Valladolid] : _fNáyade) |
||
| 300 |
_a376 p. : _bil. col., fot., mapas ; _c24 cm. |
||
| 500 | _aGlosario. | ||
| 500 | _aÍndices. | ||
| 504 | _aBibliografía: p. 339-350. | ||
| 650 | 7 |
_aFlora- _zMadrid (Comunidad Autónoma) _9149813 |
|
| 650 | 4 |
_aVegetación- _zMadrid (Comunidad Autónoma) _9149814 |
|
| 852 |
_aES-MaACL _jA-12055 _9187018 _bR.146947 _cDEPO1 _dOlim: N-5060 |
||
| 942 |
_2udc _cMONOGRAFIA |
||
| 999 |
_c180108 _d180108 |
||